| 000 | 01008nam2a2200205 4500 | ||
|---|---|---|---|
| 001 | RU\NLR\PER_A\002878214_001090 | ||
| 005 | 20250626170822.0 | ||
| 035 | _a(NLR Aleph) 012014169 | ||
| 090 |
_a11465231 _c11465231 |
||
| 100 | _a20190517d2019 |||y0rusy50 ca | ||
| 101 | 0 | _arus | |
| 102 | _aRU | ||
| 200 | 0 | _a2019, № 1 (43), т. 3 | |
| 210 |
_d2019 _aБ. м. |
||
| 461 | 0 |
_1001RU\NLR\Per\628068 _12001#$aМорские интеллектуальные технологии$dMarine intellectual technologies$eнаучный журнал$zeng$v2019, № 1 (43), т. 3 _93252990 _cСанкт-Петербург _d2008 - _lMarine intellectual technologies _nНаучно-исследовательский центр "Морские интеллектуальные технологии" _oнаучный журнал _tМорские интеллектуальные технологии _x2073-7173 _v2019, № 1 (43), т. 3 |
|
| 852 |
_aNLR _jП11/5594 |
||
| 942 | _cISSUE | ||
| 980 | _aNB | ||
| 980 | _aRUSPER | ||